Theory and history of bibliography (Record no. 22193)

MARC details
000 -LEADER
fixed length control field 00496nam a2200181Ia 4500
082 ## - DEWEY DECIMAL CLASSIFICATION NUMBER
Classification number 010.1 SCH-;
100 ## - MAIN ENTRY--AUTHOR NAME
Personal name Scheneider, George
245 #0 - TITLE STATEMENT
Title Theory and history of bibliography
260 ## - PUBLICATION, DISTRIBUTION, ETC. (IMPRINT)
Place of publication New York
Name of publisher Scarecrow Press
Year of publication 1934
300 ## - PHYSICAL DESCRIPTION
Number of Pages xiv, 306p.
504 ## - BIBLIOGRAPHY, ETC. NOTE
Bibliography, etc Includes index
650 ## - SUBJECT ADDED ENTRY--TOPICAL TERM
Topical Term Bibliography - History
650 ## - SUBJECT ADDED ENTRY--TOPICAL TERM
Topical Term Bibliography - Theory, methods, etc.
650 ## - SUBJECT ADDED ENTRY--TOPICAL TERM
Topical Term Bibliography - Methodology
650 ## - SUBJECT ADDED ENTRY--TOPICAL TERM
Topical Term Library science
700 ## - ADDED ENTRY--PERSONAL NAME
Personal name Shaw, Ralph Robert
942 ## - ADDED ENTRY ELEMENTS (KOHA)
Koha item type Books
Holdings
Withdrawn status Lost status Damaged status Not for loan Home library Current library Date acquired Full call number Accession Number Price effective from Koha item type
        NASSDOC Library NASSDOC Library 08/06/2004 010.1 SCH-; 3896 18/04/2019 Books